<?xml version="1.0" encoding="UTF-8"?>
<collection xmlns="http://www.loc.gov/MARC21/slim">
 <record>
  <leader>03019nam a22003977a 4500</leader>
  <controlfield tag="001">45205</controlfield>
  <controlfield tag="003">BD-DhAAL</controlfield>
  <controlfield tag="005">20251223154129.0</controlfield>
  <controlfield tag="008">251223t2002    njua     b    001 0 eng d</controlfield>
  <datafield tag="010" ind1=" " ind2=" ">
   <subfield code="a">  2002514235</subfield>
  </datafield>
  <datafield tag="020" ind1=" " ind2=" ">
   <subfield code="a">9810246005</subfield>
  </datafield>
  <datafield tag="020" ind1=" " ind2=" ">
   <subfield code="a">9789810246006</subfield>
  </datafield>
  <datafield tag="035" ind1=" " ind2=" ">
   <subfield code="a">12963599</subfield>
  </datafield>
  <datafield tag="035" ind1=" " ind2=" ">
   <subfield code="a">(OCoLC)50134555</subfield>
  </datafield>
  <datafield tag="040" ind1=" " ind2=" ">
   <subfield code="a">TEF</subfield>
   <subfield code="c">TEF</subfield>
   <subfield code="d">DLC</subfield>
   <subfield code="d">BD-DhAAL</subfield>
  </datafield>
  <datafield tag="042" ind1=" " ind2=" ">
   <subfield code="a">lccopycat</subfield>
  </datafield>
  <datafield tag="050" ind1="0" ind2="0">
   <subfield code="a">TN271.P4</subfield>
   <subfield code="b">H88 2002</subfield>
  </datafield>
  <datafield tag="082" ind1="0" ind2="0">
   <subfield code="a">622.18280285</subfield>
   <subfield code="2">21</subfield>
  </datafield>
  <datafield tag="100" ind1="1" ind2=" ">
   <subfield code="a">Huang, Kou-Yuan.</subfield>
   <subfield code="9">59986</subfield>
  </datafield>
  <datafield tag="245" ind1="1" ind2="0">
   <subfield code="a">Syntactic pattern recognition for seismic oil exploration /</subfield>
   <subfield code="c">Kou-Yuan Huang.</subfield>
  </datafield>
  <datafield tag="260" ind1=" " ind2=" ">
   <subfield code="a">River Edge, NJ :</subfield>
   <subfield code="b">World Scientific,</subfield>
   <subfield code="c">c2002.</subfield>
  </datafield>
  <datafield tag="300" ind1=" " ind2=" ">
   <subfield code="a">xiv, 133 pages :</subfield>
   <subfield code="b">illustrations ;</subfield>
   <subfield code="c">23 cm</subfield>
  </datafield>
  <datafield tag="490" ind1=" " ind2="0">
   <subfield code="a">Series in machine perception and artificial intelligence ;</subfield>
   <subfield code="v">v. 46</subfield>
  </datafield>
  <datafield tag="504" ind1=" " ind2=" ">
   <subfield code="a">Includes bibliographical references (p. 123-129) and index.</subfield>
  </datafield>
  <datafield tag="526" ind1="8" ind2=" ">
   <subfield code="a">CSE</subfield>
   <subfield code="x">Annajiat Alim Rasel
Senior Lecturer
Department of Computer Science and Engineering
BRAC University
Course Name and No.: Advanced syntactic pattern recognition (CSE 713)</subfield>
  </datafield>
  <datafield tag="541" ind1="1" ind2=" ">
   <subfield code="a">Book Finder International </subfield>
   <subfield code="e">45205, 45206, 45207, 45208</subfield>
  </datafield>
  <datafield tag="650" ind1=" " ind2="0">
   <subfield code="a">Petroleum</subfield>
   <subfield code="x">Prospecting</subfield>
   <subfield code="x">Data processing.</subfield>
   <subfield code="9">59987</subfield>
  </datafield>
  <datafield tag="650" ind1=" " ind2="0">
   <subfield code="a">Pattern recognition systems.</subfield>
  </datafield>
  <datafield tag="650" ind1=" " ind2="0">
   <subfield code="a">Seismic reflection method</subfield>
   <subfield code="x">Data processing.</subfield>
   <subfield code="9">59988</subfield>
  </datafield>
  <datafield tag="830" ind1=" " ind2="0">
   <subfield code="a">Series in machine perception and artificial intelligence ;</subfield>
   <subfield code="v">v. 46</subfield>
   <subfield code="9">59989</subfield>
  </datafield>
  <datafield tag="942" ind1=" " ind2=" ">
   <subfield code="2">ddc</subfield>
   <subfield code="c">BK</subfield>
  </datafield>
  <datafield tag="999" ind1=" " ind2=" ">
   <subfield code="c">47621</subfield>
   <subfield code="d">47621</subfield>
  </datafield>
  <datafield tag="952" ind1=" " ind2=" ">
   <subfield code="0">0</subfield>
   <subfield code="1">0</subfield>
   <subfield code="2">ddc</subfield>
   <subfield code="4">0</subfield>
   <subfield code="6">622_182802850000000_HUA</subfield>
   <subfield code="7">0</subfield>
   <subfield code="9">78589</subfield>
   <subfield code="a">BRACUL</subfield>
   <subfield code="b">BRACUL</subfield>
   <subfield code="c">NEW</subfield>
   <subfield code="d">2025-12-09</subfield>
   <subfield code="e">Book Finder International </subfield>
   <subfield code="g">10196.00</subfield>
   <subfield code="l">0</subfield>
   <subfield code="o">622.18280285 HUA</subfield>
   <subfield code="p">3010045205</subfield>
   <subfield code="r">2025-12-09</subfield>
   <subfield code="t">1</subfield>
   <subfield code="v">20392.00</subfield>
   <subfield code="w">2025-12-09</subfield>
   <subfield code="y">BK</subfield>
   <subfield code="x">Requisitioned by Annajiat Alim Rasel (Senior Lecturer, Department of Computer Science and Engineering, BRAC University) for the course named- 'Advanced Syntactic Pattern Recognition (CSE713)'</subfield>
  </datafield>
  <datafield tag="952" ind1=" " ind2=" ">
   <subfield code="0">0</subfield>
   <subfield code="1">0</subfield>
   <subfield code="2">ddc</subfield>
   <subfield code="4">0</subfield>
   <subfield code="6">622_182802850000000_HUA</subfield>
   <subfield code="7">0</subfield>
   <subfield code="9">78590</subfield>
   <subfield code="a">BRACUL</subfield>
   <subfield code="b">BRACUL</subfield>
   <subfield code="c">GEN</subfield>
   <subfield code="d">2025-12-09</subfield>
   <subfield code="e">Book Finder International </subfield>
   <subfield code="g">10196.00</subfield>
   <subfield code="l">0</subfield>
   <subfield code="o">622.18280285 HUA</subfield>
   <subfield code="p">3010045206</subfield>
   <subfield code="r">2025-12-09</subfield>
   <subfield code="t">2</subfield>
   <subfield code="v">20392.00</subfield>
   <subfield code="w">2025-12-09</subfield>
   <subfield code="y">BK</subfield>
   <subfield code="x">Requisitioned by Annajiat Alim Rasel (Senior Lecturer, Department of Computer Science and Engineering, BRAC University) for the course named- 'Advanced Syntactic Pattern Recognition (CSE713)'</subfield>
  </datafield>
  <datafield tag="952" ind1=" " ind2=" ">
   <subfield code="0">0</subfield>
   <subfield code="1">0</subfield>
   <subfield code="2">ddc</subfield>
   <subfield code="4">0</subfield>
   <subfield code="6">622_182802850000000_HUA</subfield>
   <subfield code="7">0</subfield>
   <subfield code="9">78591</subfield>
   <subfield code="a">BRACUL</subfield>
   <subfield code="b">BRACUL</subfield>
   <subfield code="c">GEN</subfield>
   <subfield code="d">2025-12-09</subfield>
   <subfield code="e">Book Finder International </subfield>
   <subfield code="g">10196.00</subfield>
   <subfield code="l">0</subfield>
   <subfield code="o">622.18280285 HUA</subfield>
   <subfield code="p">3010045208</subfield>
   <subfield code="r">2025-12-09</subfield>
   <subfield code="t">4</subfield>
   <subfield code="v">20392.00</subfield>
   <subfield code="w">2025-12-09</subfield>
   <subfield code="y">BK</subfield>
   <subfield code="x">Requisitioned by Annajiat Alim Rasel (Senior Lecturer, Department of Computer Science and Engineering, BRAC University) for the course named- 'Advanced Syntactic Pattern Recognition (CSE713)'</subfield>
  </datafield>
  <datafield tag="952" ind1=" " ind2=" ">
   <subfield code="0">0</subfield>
   <subfield code="1">0</subfield>
   <subfield code="2">ddc</subfield>
   <subfield code="4">0</subfield>
   <subfield code="6">622_182802850000000_HUA</subfield>
   <subfield code="7">0</subfield>
   <subfield code="9">78592</subfield>
   <subfield code="a">BRACUL</subfield>
   <subfield code="b">BRACUL</subfield>
   <subfield code="c">GEN</subfield>
   <subfield code="d">2025-12-09</subfield>
   <subfield code="e">Book Finder International </subfield>
   <subfield code="g">10196.00</subfield>
   <subfield code="l">0</subfield>
   <subfield code="o">622.18280285 HUA</subfield>
   <subfield code="p">3010045207</subfield>
   <subfield code="r">2025-12-09</subfield>
   <subfield code="t">3</subfield>
   <subfield code="v">20392.00</subfield>
   <subfield code="w">2025-12-09</subfield>
   <subfield code="y">BK</subfield>
   <subfield code="x">Requisitioned by Annajiat Alim Rasel (Senior Lecturer, Department of Computer Science and Engineering, BRAC University) for the course named- 'Advanced Syntactic Pattern Recognition (CSE713)'</subfield>
  </datafield>
 </record>
</collection>
